| 000 | 00517cam a2200217 4500 | ||
|---|---|---|---|
| 001 | 2653723 | ||
| 005 | 20180308074008.0 | ||
| 008 | 691022r1969 nyu 001 0 eng | ||
| 010 | _a 70086057 | ||
| 020 | _a080460584X | ||
| 040 |
_aDLC _cDLC _dDLC |
||
| 041 | _aeng | ||
| 043 | _an-us--- | ||
| 080 | _a342.7303 owe | ||
| 082 | 0 | 0 | _a342.7303 owe |
| 100 | 1 | _a14 | |
| 101 | _ashj | ||
| 245 | 1 | 4 | _aThe Court and the Constitution. |
| 906 |
_a7 _bcbc _corignew _du _encip _f19 _gy-gencatlg |
||
| 942 |
_2ddc _cBK |
||
| 999 |
_c44477 _d44477 |
||